White Collar characters - Statistics

General Stats
  • This quiz has been taken 448 times
  • The average score is 7 of 22
Answer Stats
Firstnames first letter Lastnames first letter Answer % Correct
P B Peter Burke
98%
E B Elizabeth Burke
90%
M Mozzie
90%
N C Neal Caffrey
85%
C J Clinton Jones
49%
S E Sara Ellis
45%
D B Diana Berrigan
32%
M K Matthew Keller
27%
K M Kate Moreau
26%
A H Alexandra Hunter
22%
V A Vincent Adler
21%
J E June Ellington
12%
E P Ellen Parker
11%
L C Lauren Cruz
11%
R T Rachel Turner
10%
J B James Bennet
9%
R H Reese Hughes
9%
S Satchmo
7%
B R Ben Ryan
2%
P K Phillip Kramer
2%
B Bugsy
1%
S E Samantha Ellington
0%
No matching quizzes found
Score Distribution
Percent of People with Each Score
Percentile by Number Answered
Your Score History
You have not taken this quiz